Sports Nationaux par Pays - Statistiques

Statistiques générales
  • Ce quiz a été pris 722 fois
  • Le résultat moyen est 57 sur 70
Statistiques - réponses
Pays Sport National % Correct
Allemagne Football
100%
Argentine Football
100%
Belgique Football
100%
Brésil Football
100%
Chili Football
100%
Cameroun Football
100%
Colombie Football
100%
Congo / RDC Football
100%
Côte d'Ivoire Football
100%
Croatie Football
100%
Danemark Football
100%
Egypte Football
100%
Espagne Football
100%
France Football
100%
Ghana Football
100%
Iran Football
100%
Irlande Football
100%
Israël Football
100%
Italie Football
100%
Maroc Football
100%
Mexique Football
100%
Nigéria Football
100%
Pérou Football
100%
Pologne Football
100%
Portugal Football
100%
Roumanie Football
100%
Serbie Football
100%
Slovénie Football
100%
Turquie Football
100%
Tunisie Football
100%
Ukraine Football
100%
Uruguay Football
100%
Vénézuela Football
100%
Afrique du Sud Rugby
93%
Namibie Rugby
93%
Nouvelle Zélande Rugby
93%
Bosnie-Herzégovine Basketball
86%
Grèce Basketball
86%
Lituanie Basketball
86%
Russie Tennis
81%
Canada Hockey sur glace
79%
Finlande Hockey sur glace
79%
République Tchèque Hockey sur glace
79%
Suède Hockey sur glace
79%
Australie Cricket
78%
Pakistan Cricket
78%
Etats-Unis Football Américain
75%
Islande Handball
73%
Jamaïque Athlétisme
72%
Kenya Athlétisme
72%
Autriche Ski
72%
Norvège Ski
72%
Suisse Ski
72%
Corée du Sud Baseball
71%
Japon Baseball
71%
Chine Tennis de table
62%
Sri Lanka Volley-Ball
58%
Corée du Nord Judo
57%
Kazakhstan Cyclisme
49%
Luxembourg Cyclisme
49%
Pays-Bas Cyclisme
49%
Moldavie Boxe
46%
Mongolie Boxe
46%
Inde Hockey sur gazon
45%
Sénégal Lutte
45%
Malaisie Badminton
38%
Hongrie Water-Polo
27%
Népal Alpinisme
23%
Madagascar Pétanque
21%
Slovaquie Canoë
14%
Aucun quiz correspondant
Distribution des résultats
% des personnes avec chaque résultat
Percentile par nombre de réponses
Votre historique - résultats
Vous n’avez pas pris ce quiz